Exploraciones y descubrimientos
-д хадгалсан:
| Үндсэн зохиолч: | |
|---|---|
| Формат: | Ном |
| Хэл сонгох: | испани |
| Хэвлэсэн: |
Madrid
Taurus
1959
|
| Нөхцлүүд: | |
| Шошгууд: |
Шошго нэмэх
Шошго байхгүй, Энэхүү баримтыг шошголох эхний хүн болох!
|
MARC
| LEADER | 00000nam a2200000 a 4500 | ||
|---|---|---|---|
| 001 | UCY5012 | ||
| 003 | CL-VaPUC | ||
| 008 | 950410e19590000SP |||||||||||||||||spa|d | ||
| 082 | 0 | 4 | |a 910.91 |b WOO |2 21 |
| 100 | 0 | |a Wood, H. J |e author |9 333576 | |
| 245 | 1 | 0 | |a Exploraciones y descubrimientos |
| 300 | |a 227 p | ||
| 942 | |c BK | ||
| 945 | |d 19950410 00:00:00 |a oaravena | ||
| 260 | |a Madrid |b Taurus |c 1959 | ||
| 650 | 0 | |a Descubrimientos geográficos |9 331933 | |
| 583 | |a last modification |c 19950410 00:00:00 |k Rodrigo Vera | ||
| 999 | |c 232747 |d 232745 | ||
| 952 | |0 0 |1 0 |4 0 |6 910_910000000000000_WOO_1959 |7 0 |8 A |9 237612 |a BIBHIS |b BIBHIS |d 2019-11-15 |i 3072541 |o 910.91 WOO 1959 |p 3072541 |r 2025-01-20 |w 2019-11-15 |y BK |k HIS | ||